00322nam a2200109Ia 4500008004100000100005000041245007400091260001400165260001600179260000900195300000800204201214s9999 xx 000 0 und d aPareek, Udai, Rao, T. V. and Pestonjee, D. M. 0aBehavioural Process in Organisations : Readings , Cases , Instruments aNew Delhi bOxford& IBH c1982 a525